| 000 | 00605nam a2200193 a 4500 | ||
|---|---|---|---|
| 005 | 20240215063615.0 | ||
| 008 | 991125s1977 mx 000 0 spa u | ||
| 035 | _aUPN01000011243 | ||
| 049 | _aCG | ||
| 050 | 4 |
_aQ174 _bL5.28 |
|
| 100 | 1 | _aLimoeiro Cardoso, Miriam | |
| 245 | 1 | 3 |
_aLa construcción de conocimientos : _bcuestiones de teoría y método / _cMiriam Limoeiro Cardoso ; tr. Ana María Palos. |
| 260 |
_aMéxico : _bEra, _c1977. |
||
| 300 | _a139 p. | ||
| 440 | 3 | _aEl hombre y su tiempo | |
| 650 | 4 |
_aCiencia _xMetodología _95804 |
|
| 650 | 4 |
_aTeoría del conocimiento _91707 |
|
| 905 | _aLibro | ||
| 999 |
_c11243 _d11243 |
||